[Event "Lagos PLC op 37th"]
[Site "Lagos"]
[Date "2014.10.18"]
[Round "6"]
[White "Campbell, Charles"]
[Black "Olape, Bunmi"]
[Result "1-0"]
[WhiteElo "2074"]
[BlackElo "2254"]
[PlyCount "140"]
[EventDate "2014.10.16"]
[EventType "swiss"]
[EventRounds "7"]
[EventCountry "NGR"]
[SourceTitle "CBM 163 Extra"]
[Source "ChessBase"]
[SourceDate "2014.12.23"]
[SourceVersion "1"]
[SourceVersionDate "2014.12.23"]
[SourceQuality "1"]

1. d4 d5 2. c4 e6 3. Nc3 Nf6 4. Bg5 Be7 5. e3 0-0 6. Nf3 Nbd7 7. cxd5 exd5 8. Bd3 c6 9. 0-0 Re8 10. Qc2 h6 11. Bf4 Nh5 12. Bg3 Nxg3 13. hxg3 Bd6 14. Rfe1 Nf6 15. Rab1 Qe7 16. a3 Ne4 17. Bxe4 dxe4 18. Nd2 f5 19. Nc4 Bc7 20. Red1 Qf7 21. d5 Rd8 22. d6 Bb8 23. Ne2 Be6 24. Ne5 Qe8 25. Nc4 Qf8 26. Nf4 Bf7 27. Na5 Rxd6 28. Nxb7 Rxd1+ 29. Rxd1 Bxf4 30. gxf4 Bd5 31. Nc5 Qf7 32. Rd4 Re8 33. Rb4 Re7 34. Rb8+ Kh7 35. Rd8 Re8 36. Rxe8 Qxe8 37. a4 Qe7 38. Qc3 g5 39. g3 gxf4 40. exf4 Kg6 41. Qd4 h5 42. Kf1 h4 43. gxh4 Qxh4 44. Qe3 Qh1+ 45. Ke2 Qh8 46. Qc3 Qb8 47. Ke3 a5 48. Nd7 Qa7+ 49. Nc5 Qb6 50. Qd4 Qb8 51. Nd7 Qd6 52. Ne5+ Kh7 53. Qa7+ Kh6 54. Qxa5 Bb3 55. Qc3 Qd1 56. a5 Ba4 57. Qd2 Qb3+ 58. Ke2 Bb5+ 59. Ke1 Qg8 60. Qe3 Qa2 61. Qh3+ Kg7 62. Qg3+ Kh8 63. Qa3 Qb1+ 64. Kd2 c5 65. Qxc5 Qxb2+ 66. Qc2 Qd4+ 67. Kc1 Qa1+ 68. Kd2 Qxa5+ 69. Qc3 Qa2+ 70. Kc1 Qa6 1-0